Grandes cantantes de nuestro tiempo

Պահպանված է:
Մատենագիտական մանրամասներ
Հիմնական հեղինակ: Pahlen, Kurt (autor)
Ձևաչափ: Գիրք
Լեզու:իսպաներեն
Հրապարակվել է: Buenos Aires EMECE 1973
Խորագրեր:
Ցուցիչներ: Ավելացրեք ցուցիչ
Չկան պիտակներ, Եղեք առաջինը, ով նշում է այս գրառումը!

MARC

LEADER 00000nam a2200000 a 4500
001 UCN2929
003 CL-VaPUC
008 010615e19730000AG |||||||||||||||||spa|d
082 0 4 |a 782.0092  |b PAH  |2 21 
100 |a Pahlen, Kurt  |e autor  |9 496136 
245 1 0 |a Grandes cantantes de nuestro tiempo 
300 |a 334 p 
942 |c BK 
945 |d 20010615 00:00:00  |a crobeson 
260 |a Buenos Aires  |b EMECE  |c 1973 
650 7 |a CANTANTES  |2 CL-VaPUC  |9 416288 
650 7 |a BIBLIOBIOGRAFIAS  |2 CL-VaPUC  |9 456893 
650 0 |a Música contemporánea  |9 306742 
583 |a last modification  |c 20010615 00:00:00  |k Rodrigo Vera 
999 |c 295945  |d 295943 
952 |0 0  |1 0  |4 0  |6 782_009200000000000_PAH_1973  |7 0  |8 A  |9 349399  |a BIBEDU  |b BIBEDU  |d 2019-11-20  |i 1186353  |o 782.0092 PAH 1973  |p 1186353  |r 2023-01-12  |w 2019-11-20  |y BK  |k MUS